书目信息 |
| 题名: |
建筑地基基础
|
|
| 作者: | 郭继武 编著 | |
| 分册: | ||
| 出版信息: | 北京 中国建筑工业出版社 2013.09 |
|
| 页数: | 308页 | |
| 开本: | 26cm | |
| 丛书名: | ||
| 单 册: | ||
| 中图分类: | TU47 | |
| 科图分类: | ||
| 主题词: | 地基--di ji--基础工程--建筑规范--中国--高等学校--教材 | |
| 电子资源: | ||
| ISBN: | 978-7-112-15463-0 | |
| 000 | 00979nam0 2200277 450 | |
| 001 | CA2013088888 | |
| 005 | 20170220154436.93 | |
| 010 | @a978-7-112-15463-0@dCNY38.00 | |
| 100 | @a20130711d2013 em y0chiy50 ea | |
| 101 | 0 | @achi |
| 102 | @aCN@b110000 | |
| 105 | @aak a 000yy | |
| 200 | 1 | @a建筑地基基础@9jian zhu di ji ji chu@e按新规范GB 50007-2011@f郭继武编著@Fguo ji wu bian zhu |
| 210 | @a北京@c中国建筑工业出版社@d2013.09 | |
| 215 | @a308页@c图@d26cm | |
| 320 | @a有书目 (第308页) | |
| 330 | @a本书共分12章, 主要内容包括: 概述、地基土的物理性质和岩土的分类、地基中的应力、地基变形的计算、土的抗剪强度与地基承载力、挡土墙的土压力与边坡稳定等。 | |
| 333 | @a高校土木工程专业规划教材 | |
| 517 | 1 | @a按新规范GB 50007-2011 |
| 540 | @a建筑地基基础 | |
| 606 | 0 | @a地基@Adi ji@x基础工程@x建筑规范@y中国@x高等学校@j教材 |
| 690 | @aTU47@v5 | |
| 701 | 0 | @a郭继武@9guo ji wu@4编著 |
| 801 | @aCN@bnygyxylib | |
| 905 | @eG807@dTU47@b0846867-9@f3 | |
| 962 | @a2364616 | |
| 建筑地基基础:按新规范GB 50007-2011/郭继武编著.-北京:中国建筑工业出版社,2013.09 |
| 308页:图;26cm |
| 使用对象:高校土木工程专业规划教材 |
| ISBN 978-7-112-15463-0:CNY38.00 |
| 本书共分12章, 主要内容包括: 概述、地基土的物理性质和岩土的分类、地基中的应力、地基变形的计算、土的抗剪强度与地基承载力、挡土墙的土压力与边坡稳定等。 |
| ● |
| 相关链接 |
|
|
|
正题名:建筑地基基础
索取号:TU47/G807
 
预约/预借
| 序号 | 登录号 | 条形码 | 馆藏地/架位号 | 状态 | 备注 |
| 1 | 0846867 | 208468674 | 建筑库101/101建筑库 96排3列3层/ [索取号:TU47/G807] | 在馆 | |
| 2 | 0846868 | 208468683 | 建筑库101/101建筑库 96排3列3层/ [索取号:TU47/G807] | 在馆 | |
| 3 | 0846869 | 208468692 | 建筑库101/101建筑库 96排3列3层/ [索取号:TU47/G807] | 在馆 | |
| 4 | 1239225 | 212392258 | 土木与交通工程学院资料室/ [索取号:TU47/G807] | 在馆 |